Analýza systému odmeňovania v podniku - prípadová štúdia diplomová práca

Saved in:
Bibliographic Details
Main Author: Kráľová, Mária
Corporate Author: Podnikovohospodárska fakulta EU so sídlom v Košiciach. Katedra manažmentu
Other Authors: Stankovič, Lýdia
Format: Book
Language:Slovak
Published: Košice 2013
Tags: Add Tag
No Tags, Be the first to tag this record!

MARC

LEADER 00000nbm a2200000 4500
001 0170177
005 20250901074659.2
041 0 |a slo 
044 |a SK 
245 1 0 |a Analýza systému odmeňovania v podniku - prípadová štúdia  |b diplomová práca  |c Mária Kráľová ; školiteľ: Lýdia Stankovič 
264 1 |a Košice  |c 2013 
300 |a 82 s. 
100 1 |a Kráľová, Mária 
700 1 |a Stankovič, Lýdia 
710 2 |a Podnikovohospodárska fakulta EU so sídlom v Košiciach. Katedra manažmentu